Datum a čas kvízu
28.5
Celkem bodů
Celkový počet nahraných bodů na tomto kvízu bez doplňovacích otázek.
6.
Pořadí na kvízu
Konečné umístění týmu na tomto kvízu.
Zaznamenané odpovědi
| # | Otázka | Odpověď | Body | Výsledky |
|---|---|---|---|---|
| 1. | Jak se jmenuje hejtman, který... | Jan Krkoška, Moravskoslezský kraj | 1 | |
| 2. | Historicky prvním premiérem ev... | Wales | 0 | |
| 3. | Streetartový umělec Banksy se... | strom | 1 | |
| 4. | V minulém týdnu probíhal v Brn... | Amper | 1 | |
| 5. | Ester Ledecká si k sobotním n... | 29. narozeniny (28. a 30. za půl bodu) | 1 | |
| 6. | Toto literární téma vyhrálo mi... | Sto roků samoty | 1 | |
| 7. | Dívka Fern jednoho dne pozoruj... | Šarlotina pavučinka, E. B. White | 0 | |
| 8. | Přiřaďte klasická díla ruské l... | 1B 2C 3D 4A | 1 | |
| 9. | Mezi nejčtenější knihy světa s... | A | 1 | |
| 10. | Na závěr se zaměříme na novějš... | Dívka ve vlaku | 0 |